Navrhované zmeny a doplnenia IFRS 11 - Spoločné podnikanie

Rada pre medzinárodné účtovné štandardy (International Accounting Standards Board, IASB) vydala 13. decembra 2012 v poradí siedmy predbežný návrh ED/2012/7, obsahujúci navrhované zmeny a doplnenia štandardu IFRS 11 - spoločné podnikanie.

Guardado en:
Detalles Bibliográficos
Autor principal: Ješš, Michal, 1986-
Formato: Capítulo de libro
Lenguaje:eslovaco
Materias:
Etiquetas: Agregar Etiqueta
Sin Etiquetas, Sea el primero en etiquetar este registro!

MARC

LEADER 00000nla a2200000 4500
001 0165341
005 20240502072901.0
041 0 |a slo 
044 |a SK 
245 1 0 |a Navrhované zmeny a doplnenia IFRS 11 - Spoločné podnikanie  |c Michal Ješš 
520 |a Rada pre medzinárodné účtovné štandardy (International Accounting Standards Board, IASB) vydala 13. decembra 2012 v poradí siedmy predbežný návrh ED/2012/7, obsahujúci navrhované zmeny a doplnenia štandardu IFRS 11 - spoločné podnikanie. 
610 2 0 |a účtovníctvo 
610 2 0 |a pravidlá účtovné 
610 2 0 |a štandardy účtovné medzinárodné 
610 2 0 |a kombinácie podnikové 
610 2 0 |a IFRS 
100 1 |a Ješš, Michal, 1986-